Normal view
MARC view
- ميل،جون ستوارت ، الزبيدي،هيثم/ترجمة ، حدادين،فادي/مراجعة وتدقيق
Entry Personal Name
001 - CONTROL NUMBER
- control field: 23098
003 - CONTROL NUMBER IDENTIFIER
- control field: JO-AjAnu
005 - DATE AND TIME OF LATEST TRANSACTION
- control field: 20230606073957.0
008 - FIXED-LENGTH DATA ELEMENTS
- fixed length control field: 230606|| aca||aabn | a|a d
040 ## - CATALOGING SOURCE
- Original cataloging agency: JO-AjAnu
- Transcribing agency: JO-AjAnu
100 ## - HEADING--PERSONAL NAME
- Personal name: ميل،جون ستوارت ، الزبيدي،هيثم/ترجمة ، حدادين،فادي/مراجعة وتدقيق
670 ## - SOURCE DATA FOUND
- Source citation: Work cat.: (JO-AjAnu)11871: ميل،جون ستوارت ، الزبيدي،هيثم/ترجمة ، حدادين،فادي/مراجعة وتدقيق, author, عن الحرية